|
|
|
|
| LEADER |
01165nam a2200265 a 4500 |
| 001 |
2851565 |
| 008 |
100330r19841982sz b i000 0 eng d |
| 010 |
|
|
|a \\\84192667
|
| 020 |
|
|
|a 9221030296 (pbk.) :
|c 20.00F
|
| 040 |
|
|
|a DLC
|c DLC
|d DLC
|d BD-DhAAL
|
| 082 |
0 |
0 |
|a 338.6/425/091724
|2 19
|
| 100 |
1 |
|
|a Allal, Moise.
|
| 245 |
1 |
0 |
|a Cottage industries and handicrafts :
|b some guidelines for employment promotion /
|c M. Allal and E. Chuta.
|
| 260 |
|
|
|a Geneva :
|b International Labour Office,
|c 1982 [2nd impression 1984].
|
| 300 |
|
|
|a x, 202 p. :
|b ill. ;
|c 29 cm.
|
| 490 |
0 |
|
|a A WEP study
|
| 504 |
|
|
|a Bibliography: p. 197-202.
|
| 541 |
1 |
|
|e 00003102
|
| 650 |
|
0 |
|a Handicraft industries
|x Government policy
|z Developing countries.
|
| 650 |
|
0 |
|a Cottage industries
|x Government policy
|z Developing countries.
|
| 650 |
|
0 |
|a Industrial promotion
|x Government policy
|z Developing countries.
|
| 700 |
1 |
|
|a Chuta, Enyinna.
|
| 852 |
4 |
|
|a Ayesha Abed Library
|j General Shelf
|
| 999 |
|
|
|c 7933
|d 7933
|
| 952 |
|
|
|0 0
|1 0
|2 ddc
|4 0
|6 338_642509172400000_ALL_1984
|7 0
|9 8905
|a BRACUL
|b BRACUL
|c GEN
|d 2010-03-30
|g 0.00
|l 0
|o 338.6425091724 ALL
|p 3010003102
|r 2010-03-30
|t 1
|w 2010-03-30
|y BK
|z Not price in Register
|